01531nam a22003857a 4500003000500000005001700005008004100022010001000063011001000073035001000083040000900093090001000102100004600112245010800158260004000266300002900306502009900335590003700434590004100471590004100512590004100553590004100594590004100635590004100676590004200717650003700759650004600796650005000842650005000892901000700942942001000949949004200959999001701001952012701018CHAP20220329133948.0971013s1994 r 00010 d a13285 a14257 a18330 cCHAP aTesis00aGonzález Negrete, María Juana.949227 aPlaneación regional, generación de un patrón óptimo de cultivos en el DDR 001 de Aguascalientes aChapingo, Méx. :bEl autor,c1994 a83 h.b: ilus.e+ anexos aTesis (Ing. Agr. Esp. en Economía Agrícola) -- UACH. Departamento de Economía Agrícola aALEPHb10c20130110lUCH01h1232 aBATCH-UPDb10c20130109lUCH01h2336 aBATCH-UPDb10c20130110lUCH01h0223 aBATCH-UPDb10c20130110lUCH01h1246 aBATCH-UPDb10c20130409lUCH01h1903 aBATCH-UPDb10c20130410lUCH01h0810 aBATCH-UPDb10c20130914lUCH01h1117 aCONVERSIONb10c20130109lUCH01h130914aCultivosxAguascalientes.93022514aDistrito de Riego Pabellón, Ags.93290614aPlaneación regionalxAguascalientes.98870214aPolítica agrícolaxAguascalientes.990285 aBK cTESIS bBCcTESd-42824eTS1h30202i18330si c13285d13285 00102local4051708TESISaBCbBCcPA_TESISd2019-12-31fTESISl0oTesisp-42824r2019-12-31 00:00:00w2019-12-31yTESIS